Журналы осад и оборон крепостей французской армии на Пиренейском полуострове с 1807 по 1814 год (Запись № 10570792)

Подробности
000 -МАРКЕР
контрольное поле 01538nem0a2200337 4500
001 - ИДЕНТИФИКАТОР ЗАПИСИ
контрольное поле RU\NLR\cart\8338
005 - ИДЕНТИФИКАТОР ВЕРСИИ
контрольное поле 20250614031159.0
035 ## - ДРУГИЕ СИСТЕМНЫЕ НОМЕРА
Идентификатор записи (NLR Aleph) 010295915
100 ## - ДАННЫЕ ОБЩЕЙ ОБРАБОТКИ
Данные общей обработки 20130328d2012 |||y0rusy50 ca
101 0# - ЯЗЫК РЕСУРСА
Язык текста, звукозаписи и т.д. французский
102 ## - СТРАНА ПУБЛИКАЦИИ ИЛИ ПРОИЗВОДСТВА
Страна публикации российская федерация
120 ## - ПОЛЕ КОДИРОВАННЫХ ДАННЫХ: КАРТОГРАФИЧЕСКИЕ МАТЕРИАЛЫ - ОБЩИЕ ХАРАКТЕРИСТИКИ
Кодированные данные о картографическом материале (общие) ayy xx||
123 0# - ПОЛЕ КОДИРОВАННЫХ ДАННЫХ: КАРТОГРАФИЧЕСКИЕ МАТЕРИАЛЫ - МАСШТАБ И КООРДИНАТЫ
Тип масштаба a
200 1# - ЗАГЛАВИЕ И СВЕДЕНИЯ ОБ ОТВЕТСТВЕННОСТИ
Основное заглавие Журналы осад и оборон крепостей французской армии на Пиренейском полуострове с 1807 по 1814 год
Общее обозначение материала Карты
Сведения, относящиеся к заглавию Атлас
Первые сведения об ответственности Жак Бельма
Последующие сведения об ответственности Отв. ред. Я.С. Куликовская
205 ## - СВЕДЕНИЯ ОБ ИЗДАНИИ
Сведения об издании Репр. изд. 1860 г.
206 ## - ОБЛАСТЬ СПЕЦИФИЧЕСКИХ СВЕДЕНИЙ: КАРТОГРАФИЧЕСКИЕ МАТЕРИАЛЫ - МАТЕМАТИЧЕСКИЕ ДАННЫЕ
Сведения о математических данных Б. м-ба
210 ## - ПУБЛИКАЦИЯ, РАСПРОСТРАНЕНИЕ И ДР.
Место издания, распространения и т.д. Санкт-Петербург
Имя издателя, распространителя и т. д. Альфарет
Дата издания, распространения и т.д. 2012
215 ## - ФИЗИЧЕСКАЯ ХАРАКТЕРИСТИКА
Специфическое обозначение материала и объем 1 атл. (6 с., 24 разв. л.)
Другие сведения о физической характеристике 1 цв.
Размеры 50х34 см, в футл. 53х37 см
300 ## - ОБЩИЕ ПРИМЕЧАНИЯ
Текст примечания Ориг.: Journaux des sieges faits ou soutenus par les francais dans la Peninsule de 1807 a 1814 par J.Belmas. Atlas. - Paris: Imprimerie Imperiale, MDCCCLX
509 01 - ЗАГОЛОВОК -СТРУКТУРИРОВАННОЕ ГЕОГРАФИЧЕСКОЕ ИЛИ ТЕМАТИЧЕСКОЕ НАИМЕНОВАНИЕ
Графика поля Кириллица
Географическое / тематическое наименование – начальный элемент ввода Пиренейский полуостров
Системный номер авторитетной/нормативной записи 2635147
Идентификатор авторитетной / нормативной записи RU\NLR\auth_crt\551979
606 0# - НАИМЕНОВАНИЕ ТЕМЫ КАК ПРЕДМЕТ
Наименование темы Войн Наполеоновских карты
Системный номер авторитетной/нормативной записи 2178207
Идентификатор авторитетной/нормативной записи RU\NLR\auth_crt\66217
606 0# - НАИМЕНОВАНИЕ ТЕМЫ КАК ПРЕДМЕТ
Наименование темы Карты-репродукции
Системный номер авторитетной/нормативной записи 2177756
Идентификатор авторитетной/нормативной записи RU\NLR\auth_crt\6619
620 ## - МЕСТО И ДАТА ПУБЛИКАЦИИ, ИСПОЛНЕНИЯ И Т. Д.
Страна Россия
702 #1 - ИМЯ ЛИЦА - ВТОРИЧНАЯ ОТВЕТСТВЕННОСТЬ
Начальный элемент ввода Бельма
Часть имени, кроме начального элемента ввода Жак
Код отношения Автор
702 #1 - ИМЯ ЛИЦА - ВТОРИЧНАЯ ОТВЕТСТВЕННОСТЬ
Начальный элемент ввода Куликовская
Часть имени, кроме начального элемента ввода Я. С.
Код отношения Редактор
801 #0 - ИСТОЧНИК ЗАПИСИ
Страна российская федерация
Организация NLR
Дата составления 20130328
Правила каталогизации PSBO
852 ## - МЕСТОНАХОЖДЕНИЕ И ШИФР ХРАНЕНИЯ
Идентификатор организации NLR
Наименование фонда или коллекции (Sub-Location Identifier) К
Шифр хранения (Call Number) 4-Исп 28/121
Идентификатор единицы 86325
942 ## - ДОПОЛНИТЕЛЬНЫЕ ЭЛЕМЕНТЫ ЗАПИСИ (АБИС)
Тип экземпляра АБИС Карта
980 ## - КОЛЛЕКЦИЯ
Название коллекции Национальная библиография

Нет доступных экземпляров.